Using Paradox for Windows / (Record no. 12520)

000 -LEADER
fixed length control field 00404cam a2200157 a 4500
020 ## - INTERNATIONAL STANDARD BOOK NUMBER
ISBN 0070520186
040 ## - CATALOGING SOURCE
Transcribing agency DLC
082 00 - DEWEY DECIMAL CLASSIFICATION NUMBER
Classification number 005 MIT 1994 A007 Or.
100 1# - MAIN ENTRY--AUTHOR NAME
Personal name Reiss, Levi.
245 10 - TITLE STATEMENT
Title Using Paradox for Windows /
260 ## - PUBLICATION, DISTRIBUTION, ETC. (IMPRINT)
Place of publication New York :
Name of publisher Mitchell McGraw-Hill,
Year of publication c1994.
300 ## - PHYSICAL DESCRIPTION
Number of Pages xi, 187 p. :
Other physical details ill. ;
Dimensions 28 cm.
500 ## - GENERAL NOTE
General note Includes index.
650 #0 - SUBJECT ADDED ENTRY--TOPICAL TERM
Topical Term Database management.
942 ## - ADDED ENTRY ELEMENTS (KOHA)
Koha item type សៀវភៅភាសាអង់គ្លេស
952 ## - LOCATION AND ITEM INFORMATION (KOHA)
Withdrawn status [LOCAL, KOHA] 0
Holdings
Permanent Location Date acquired Koha item type Lost status Shelving location Barcode Current Location Full call number
Library Block A2017-08-14សៀវភៅភាសាអង់គ្លេស A007A14844Library Block A005 MIT 1994 A007 Or.
មជ្ឈមណ្ឌលឯការនៃសាកលវិទ្យាល័យភូមិន្ទកសិកម្មចំការដូង

Powered by Koha